| 000 | 00782nam a2200241Ia 4500 | ||
|---|---|---|---|
| 003 | GCL | ||
| 008 | 140319s9999 xx 000 0 ara d | ||
| 040 |
_aGCL / _cGCL |
||
| 082 | 0 | 4 |
_a956.042 _bح ح |
| 100 | 1 | _aحسين البدرى | |
| 245 | 1 | 0 |
_aالحرب فى ارض السلام الجولة العربية الاسرائيلية الاولى / _cحسين البدرى |
| 260 |
_a[S.N] : _bدار الشعب للطباعة والنشر ، _c1976 |
||
| 300 | _a523 ص | ||
| 490 | _a | ||
| 650 | 0 | 4 | _aالعصر الحديث |
| 650 | 0 | 4 | _aمصر |
| 650 | 0 | 4 | _aتاريخ |
| 650 | 0 | 4 | _aالنزاع العربى الاسرائيلى |
| 650 | 0 | 4 | _aاسرائيل |
| 650 | 0 | 4 | _aحرب فلسطين 1948 |
| 650 | 0 | 4 | _aالعمليات الحربية |
| 942 |
_2ddc _cBK |
||
| 999 |
_c31969 _d31969 |
||